Frontiers of astrobiology (Record no. 18819)

MARC details
000 -LEADER
fixed length control field 00613nam a2200205Ia 4500
003 - CONTROL NUMBER IDENTIFIER
control field IN-BaIIA
008 - FIXED-LENGTH DATA ELEMENTS--GENERAL INFORMATION
fixed length control field 211028s9999 xx 000 0 eng d
020 ## - INTERNATIONAL STANDARD BOOK NUMBER
International Standard Book Number 978-1-107-00641-6
040 ## - CATALOGING SOURCE
Transcribing agency IIA Library
080 ## - UNIVERSAL DECIMAL CLASSIFICATION NUMBER
Universal Decimal Classification number 523.07
Item number IMP
245 #0 - TITLE STATEMENT
Title Frontiers of astrobiology
Statement of responsibility, etc. edited by Chris Impey, J. Lunine and Jose Funes
260 ## - PUBLICATION, DISTRIBUTION, ETC.
Place of publication, distribution, etc. Cambridge
Name of publisher, distributor, etc. Cambridge University Press
Date of publication, distribution, etc. 2012
300 ## - PHYSICAL DESCRIPTION
Extent xi, 323p.
650 ## - SUBJECT ADDED ENTRY--TOPICAL TERM
Topical term or geographic name entry element Astrobiology
9 (RLIN) 25948
650 ## - SUBJECT ADDED ENTRY--TOPICAL TERM
Topical term or geographic name entry element Exobiology
9 (RLIN) 20584
700 ## - ADDED ENTRY--PERSONAL NAME
Personal name Funes, Jose., ed.
9 (RLIN) 35986
700 ## - ADDED ENTRY--PERSONAL NAME
Personal name Impey, Chris, ed.
9 (RLIN) 34043
700 ## - ADDED ENTRY--PERSONAL NAME
Personal name Lunine, Jonathan., ed.
9 (RLIN) 35987
942 ## - ADDED ENTRY ELEMENTS (KOHA)
Koha item type Books
Holdings
Withdrawn status Lost status Damaged status Not for loan Home library Current library Shelving location Date acquired Source of acquisition Cost, normal purchase price Total Checkouts Full call number Barcode Date last seen Cost, replacement price Price effective from Koha item type Purchase Price
        IIA Library-Bangalore IIA Library-Bangalore General Stacks 21/11/2013 ANJ 3023.00   523.07/ IMP 19741 05/11/2021 3023.00 21/11/2013 Books Rs. 3023.00

Powered by Koha